000 01996nam a22003257a 4500
999 _c21829
_d21829
003 AR-CdUCM
008 190425b ||||| |||| 00| 0 spa d
040 _aMUNICIPALIDAD PROVINCIAL DEL CUSCO
_cBIBLIOTECA MUNICIPAL DEL CUSCO
082 _aRev.Andi/N°2/1983
110 _aCentro Bartolomé de Las Casas
_93293
245 _aRevista andina /
_cCentro de estudios rurales andinos Bartolomé de Las Casas Cusco
260 _aCusco :
_bCentro Bartolomé de Las Casas,
_c1983.
300 _a313-604 páginas. :
_c23 cm.
440 _aPublicación Semestral del Centro Bartolomé de Las Casas Cusco.
_nTomo I, Número 2, Segundo semestre 1983.
_946300
505 _aContenido: Los rostros de la plebe. Alberto Flores Galindo. -- Economía campesina en debate. -- ¿Quiénes son los Kallawaya? Nota sobre un enigma etnohistórico. Thierry Saignes. -- El Contra idolatriam de Luis de Teruel y una versión primeriza del mito de Pachacámac Vichama. Pierre Duviols. -- El quichua de los Andes Ecuatoriales: algunos aportes recientes. Frank Salomón. -- Los objetivos de la revolución indígena de 1781: el caso de Oruro. Fernando Cajías. -- Nota acerca de la investigación antropológica y arqueológica en el Perú. Roger Ravines. -- Cusco arqueológico y etnohistórico. Una introducción bibliográfica. Ítalo Oberti. -- Panorama historiográfico de estudios recientes sobre Charcas Colonial. Josep Barnadas. -- Los Aymara. Notas bibliográficas. Josep W. Bastien.
650 _aComunidades campesinas
_92214
650 _aEconomía campesina
_92215
650 _aCultura andina
_946295
650 _aLevantamientos andinos
_944095
650 _aArqueología cusqueña
_99322
700 _aFlores Galindo, Alberto
_92837
700 _aSaignes, Thierry
_946301
700 _aDuviols, Pierre
_945039
700 _aSalomon, Frank
_944938
700 _aCajías, Fernando
_946302
700 _aRavines, Roger
_946303
700 _aOberti, Italo
_946304
942 _2ddc
_cPP
945 _arac